| 000 | 00678nam a2200217Ia 4500 | ||
|---|---|---|---|
| 001 | 9947 | ||
| 003 | GE_BSU | ||
| 008 | 181216s||||||||xx |||||||||||||| ||und|| | ||
| 040 | _cGE_BSU | ||
| 080 | _a821.353.1-2 | ||
| 100 | _aნახუცრიშვილი,გ | ||
| 245 | _aცეცხლის ხაზზე | ||
| 245 | _bპიესა 4 მოქმედებად და სურათად. | ||
| 245 | _cრედ:ვ.ჯიბუტი | ||
| 260 | _aთბილისი. | ||
| 260 | _bხელოვნება | ||
| 260 | _c1955 | ||
| 300 | _a76გვ;20სმ. | ||
| 653 | _aცეცხლის ხაზზე:პიესა | ||
| 942 | _cBK | ||
| 999 |
_c43220 _d43220 |
||